000 00432nam a2200169Ia 4500
008 230524s9999 xx 000 0 und d
020 _a8185461094
082 _a4.166
_bRAF
100 _aMohamed Rafiquzzaman
245 0 _aMicroprocessor & Microcomputer Based System Desig
250 _a1ST
260 _aNEW DELHI
_bUniverse
_c1998
300 _aXVII;1075
500 _aQuantity Number: 9
650 _aComp-Sc
942 _cBK
999 _c16542
_d16542